| 000 | 01061cam a22003254a 4500 | ||
|---|---|---|---|
| 001 | 1790 | ||
| 003 | FISKH | ||
| 005 | 20260305152320.0 | ||
| 008 | 110802s2012 nyua j b 001 0 eng | ||
| 010 | _a 2011032560 | ||
| 020 | _a9780531208625 (library binding) | ||
| 020 | _a9780531209318 (pbk.) | ||
| 040 |
_aDLC _cDLC _beng |
||
| 042 | _apcc | ||
| 050 | 0 | 0 |
_aQE862.O65 _bM37 2012 |
| 082 | 0 | 0 |
_a567.915/8 _223 |
| 100 | 1 | _aMara, Wil | |
| 245 | 1 | 0 |
_aTriceratops / _cby Wil Mara |
| 260 |
_aNew York : _bScholastic, _c2012 |
||
| 300 |
_a32 pages : _bcolor illustrations ; _c18 cm |
||
| 490 | _aRookie Read-About Dinosaur | ||
| 505 | _aG | ||
| 520 | _aIntroduces triceratops, examining their physical characteristics, eating habits, and extinction. | ||
| 521 | 8 |
_a420
_bLexile |
|
| 521 | 8 |
_aG
_bRaz-Plus |
|
| 650 | 0 |
_aTriceratops _vJuvenile literature. |
|
| 906 |
_a7 _bcbc _corignew _d1 _eecip _f20 _gy-gencatlg |
||
| 942 |
_2ddc _cBK _n0 |
||
| 999 |
_c1790 _d1790 |
||